Agatha Christie Books by Character - Statistics

General Stats
  • This quiz has been taken 563 times
  • The average score is 7 of 16
Answer Stats
Hint Answer % Correct
Salome Otterbourne Death on the Nile
79%
Mary Debenham Murder on the Orient Express
78%
Alexander Bonaparte Cust The ABC Murders
59%
Philip Lombard And Then There Were None
56%
Emily Inglethorp The Mysterious Affair at Styles
47%
Mr. Shaitana Cards on the Table
42%
Colonel Lucius Protheroe The Murder at the Vicarage
42%
Caroline Sheppard The Murder of Roger Ackroyd
42%
Amyas Crale Five Little Pigs
40%
Judith Hastings Curtain: Poirot's Last Case
35%
Conway Jefferson The Body in the Library
35%
Aristide Leonides Crooked House
33%
Sheila Webb The Clocks
29%
Captain Joseph Arthur Trevelyan The Sittaford Mystery
26%
Sarah King Appointment with Death
24%
Hester Argyle Ordeal by Innocence
23%
No matching quizzes found
Score Distribution
Percent of People with Each Score
Percentile by Number Answered
Your Score History
You have not taken this quiz